000 01218nac a22003491i 4500
003 EG-ScBUE
005 20240903094732.0
006 m||||fq||h 00| 0
008 240903t2007 caua f 001 0 eng d
020 _a0495017795 (CD-ROM)
020 _a0495017760
020 _a9780495017769
040 _aEG-ScBUE
_beng
_erda
_cEG-ScBUE
_dEG-ScBUE
082 0 4 _a510
_bTAN
_222
100 1 _aTan, Soo Tang,
_eauthor.
245 1 0 _aApplied mathematics for the managerial, life, and social sciences /
_cS. T. Tan, Stonehill College.
250 _aFourth edition,
_binternational edition.
264 1 _aBelmont, CA :
_bThomson Brooks Cole,
_c[2007]
264 4 _cc2007
300 _axxiii, 965 pages :
_bcolor illustrations ;
_c26 cm +
_e1 CD
336 _2rdacontent
_atext
_btxt
336 _2rdacontent
_asounds
_bsnd
337 _aunmediated
_2rdamedia
_bn
337 _aaudio
_2rdamedia
_bs
338 _avolume
_bnc
_2rdacarrier
338 _acomputer disc
_bcd
_2rdacarrier
500 _aIncludes index.
538 _aSystem requirements for accompanying CD-ROM: Microsoft Windows and Macintosh machines.
650 7 _aMathematics
_vTextbooks.
_2BUEsh
655 _vReading book
942 _cBB
_2ddc
999 _c2348
_d2348